| 000 | 00418pab a2200145 454500 | ||
|---|---|---|---|
| 008 | 180718b2006 xxu||||| |||| 00| 0 eng d | ||
| 100 | _aBeugelsdijk, Sjoerd | ||
| 245 | _aA note on the theory and measurement of trust in explaining differences in economic growth | ||
| 260 | _c2006 | ||
| 300 | _ap.371-87. | ||
| 362 | _aMay | ||
| 650 | _aEconomic growth | ||
| 773 | _aCambridge Journal of Economics | ||
| 909 | _a71282 | ||
| 999 |
_c71282 _d71282 |
||